33 poemas (Record no. 189212)

MARC details
000 -LEADER
campo de control de longitud fija 00850nam a2200253 i 4500
001 - NÚMERO DE CONTROL
campo de control 189212
003 - IDENTIFICADOR DE NÚMERO DE CONTROL
campo de control SpMaBN
005 - FECHA Y HORA DE LA ÚLTIMA TRANSACCIÓN
campo de control 20240104170813.0
008 - DATOS DE LONGITUD FIJA--INFORMACIÓN GENERAL
campo de control de longitud fija 190425s2017 sp |||| | spa d
020 ## - NÚMERO INTERNACIONAL ESTÁNDAR DEL LIBRO
Número Internacional Estándar del Libro 978-84-947115-5-8
080 ## - NÚMERO DE LA CLASIFICACIÓN DECIMAL UNIVERSAL
Número de la Clasificación Decimal Universal 821.134.2-14"19"
100 1# - ENTRADA PRINCIPAL--NOMBRE DE PERSONA
Nombre de persona Ortega, María Antonia.
9 (RLIN) 87420
245 10 - MENCIÓN DEL TÍTULO
Título 33 poemas
Resto del título : la música de la memoria /
Mención de responsabilidad, etc. María Antonia Ortega.
246 3# - FORMA VARIANTE DEL TITULO
Título propio/Titulo breve Treinta y tres poemas
250 ## - MENCION DE EDICION
Mención de edición 1ª ed.
260 ## - PUBLICACIÓN, DISTRIBUCIÓN, ETC.
Lugar de publicación, distribución, etc. [Siero, Asturias] :
Nombre del editor, distribuidor, etc. Ars Poetica,
Fecha de publicación, distribución, etc. 2017.
300 ## - DESCRIPCIÓN FÍSICA
Extensión 71 p. ;
Dimensiones 21 cm.
490 1# - MENCIÓN DE SERIE
Mención de serie Beatus ille
830 0# - PUNTO DE ACCESO ADICIONAL DE SERIE-TÍTULO UNIFORME
Título uniforme Beatus ille
9 (RLIN) 193505
852 ## - LOCALIZACIÓN
Ubicación ES-MaACL
Número de control de estantería A-14501
itemnumber 196350
Sublocalización o colección R.151973
Ubicación en estantería Depósito 1
Signatura antigua Olim: N-7501
Anotaciones manuscritas Dedicatoria autógrafa de la autora
Donativo/Legado Donación: María Antonia Ortega
903 ## - NOMBRE PERSONAL DE DONANTE
9 87420
a Ortega, María Antonia
e Donante
942 ## - ELEMENTOS DE ENTRADA SECUNDARIOS (KOHA)
Fuente del sistema de clasificación o colocación Clasificación decimal universal
Tipo de ítem Koha Libro impreso
Holdings
Estatus retirado Estado de pérdida Fuente del sistema de clasificación o colocación Estado de daño No para préstamo Colección Biblioteca de origen Biblioteca actual Ubicación en estantería Fecha de adquisición Fuente de adquisición Total de préstamos Signatura topográfica completa Código de barras Visto por última vez Precio de reemplazo Tipo de ítem Koha Nota pública
    Clasificación decimal universal     Libros con dedicatorias Biblioteca del Ateneo de Madrid Biblioteca del Ateneo de Madrid Depósito 1 25/04/2019 Donación   A-14501 1200407 23/02/2023 23/02/2023 Libro impreso Dedicatoria autógrafa de la autora